Apocalipsis : Álvaro Ybarra Zavala /

Bibliographic Details
Main Author: Ybarra Zavala, Álvaro
Format: Book
Language:Spanish
English
Language Notes:Spanish, English.
Published: Madrid : Turner, [2010]
Subjects:

MARC

Tag First Indicator Second Indicator Subfields
LEADER 00000cam a2200000Li 4500
001 in00002570021
005 20151201152012.0
008 100503s2010 sp a 000 0 spa d
020 |a 9788475068954 
020 |a 8475068952 
035 |a (OCoLC)ocn639954113 
040 |a ZCU  |c ZCU  |d YDX  |d C3L  |d BWX  |d MZA  |d UtOrBLW 
041 0 |a spa  |a eng 
049 |a TXAM 
050 4 |a TR820.6  |b .Y23 2010 
082 0 |a 779  |2 21 
100 1 |a Ybarra Zavala, Álvaro. 
245 1 0 |a Apocalipsis :  |b Álvaro Ybarra Zavala /  |c . 
264 1 |a Madrid :  |b Turner,  |c [2010] 
264 4 |c ©2010 
300 |a 1 volume (unpaged) :  |b chiefly illustrations ;  |c 33 cm. 
336 |a text  |b txt  |2 rdacontent 
337 |a unmediated  |b n  |2 rdamedia 
338 |a volume  |b nc  |2 rdacarrier 
500 |a Text in English and Spanish. 
546 |a Spanish, English. 
600 1 0 |a Ybarra Zavala, Álvaro. 
650 0 |a War photography. 
945 |a PromptCat  |b 9873 
946 |a stk 
947 |a A14840172323 
948 |a cataloged  |b h  |c 2010/6/24  |d c  |e dmitchel  |f 2:44:26 pm 
994 |a 92  |b TXA 
999 |a MARS 
999 f f |s 22555847-655a-3770-b4d0-bc9e7544f4ba  |i 43823673-0045-3430-83e3-f0b8e842edaf  |t 0 
952 f f |p ric  |a Texas A&M University  |b Rellis Campus  |c Joint Library Facility  |d Remote Storage  |t 0  |e TR820.6 .Y23 2010  |f Oversize  |h Library of Congress classification  |i unmediated -- volume  |m A14840172323 
998 f f |a TR820.6 .Y23 2010  |t 0  |l Remote Storage